Exported and exposed: (Record no. 4895)

MARC details
000 -LEADER
fixed length control field 00746nam a2200181 4500
008 - FIXED-LENGTH DATA ELEMENTS--GENERAL INFORMATION
fixed length control field 240527b |||||||| |||| 00| 0 eng d
027 ## - STANDARD TECHNICAL REPORT NUMBER
Report Number Vol.19, No.15(C)
082 ## - DEWEY DECIMAL CLASSIFICATION NUMBER
Classification number 331.62
Item number HUM
942 ## - ADDED ENTRY ELEMENTS (KOHA)
Item Type Reports
110 ## - MAIN ENTRY--CORPORATE NAME
Corporate Name Human Rights Watch
245 ## - TITLE STATEMENT
Title Exported and exposed:
Sub Title abuses against Sri Lankan domestic workers in Saudi Arabia, Kuwait, Lebanon, and the United Arab Emirates
260 ## - PUBLICATION, DISTRIBUTION, ETC. (IMPRINT)
Place of Publication New York:
Name of Publisher Human Rights Watch,
Date of Copyright 2007
300 ## - PHYSICAL DESCRIPTION
Extent 131 p.
856 ## - ELECTRONIC LOCATION AND ACCESS
Uniform Resource Identifier <a href="https://s3.amazonaws.com/migrants_heroku_production/datas/466/TFGLO040_Exported_and_Exposed_Abuses_Against_Sri_Lankan_Domestic_Workers_original.pdf?1353835829">https://s3.amazonaws.com/migrants_heroku_production/datas/466/TFGLO040_Exported_and_Exposed_Abuses_Against_Sri_Lankan_Domestic_Workers_original.pdf?1353835829</a>
650 ## - SUBJECT ADDED ENTRY--TOPICAL TERM
Topical Term DOMESTIC WORKERS-Middle East
650 ## - SUBJECT ADDED ENTRY--TOPICAL TERM
Topical Term Women labour force-Sri Lanka
650 ## - SUBJECT ADDED ENTRY--TOPICAL TERM
Topical Term Violence against women
Holdings
Withdrawn status Lost status Source of classification or shelving scheme Damaged status Not for loan Permanent location Current location Date acquired Total Checkouts Full call number Barcode Date last seen Price effective from Koha item type
    Dewey Decimal Classification     Resource center, Muslim Women's Research And Action Forum Resource center, Muslim Women's Research And Action Forum 2024-05-27   331.62 HUM RAF5257 2024-05-27 2024-05-27 Reports

Copyright © 2023 Muslim Women's Research and Action Forum (MWRAF), No 27/3, Anderson Road, Kalubowila, Dehiwela. Funded by The Asia Fundation